000 00229nam a2200097Ia 4500
008 230907s9999||||xx |||||||||||||| ||und||
082 _a621.392
_bASH
245 0 _aServer efficiency :
300 _axviii, 200 pages :
942 _cBK
999 _c599531
_d599531